Breath of the Wild Shrine Puzzles - Statistics

General Stats
  • This quiz has been taken 8 times
  • The average score is 45 of 136
Answer Stats
Tower Region Shrine Answer % Correct
Akkala Dah Hesho A Minor Test of Strength
100%
Akkala Ke'nai Shakah A Modest Test of Strength
75%
Great Plateau Ja Baij Bomb Trial
75%
Great Plateau Oman Au Magnesis Trial
75%
Great Plateau Owa Daim Stasis Trial
75%
Dueling Peaks Ta'loh Naeg Ta'loh Naeg's Teaching
75%
Akkala Tutsuwa Nima A Major Test of Strength
50%
Central Saas Ko'sah A Major Test of Strength
50%
Gerudo Kema Kosassa A Major Test of Strength
50%
Hateno Chaas Qeta A Major Test of Strength
50%
Central Dah Kaso A Minor Test of Strength
50%
Central Katah Chuki A Minor Test of Strength
50%
Central Noya Neha A Minor Test of Strength
50%
Central Namika Ozz A Modest Test of Strength
50%
Faron Muwo Jeem A Modest Test of Strength
50%
Gerudo Sasa Kai A Modest Test of Strength
50%
Eldin Shora Hah Blue Flame
50%
Great Plateau Keh Namut Cryonis Trial
50%
Dueling Peaks Hila Rao Drifting
50%
Eldin Gorae Torr Gorae Torr's Blessing
50%
Eldin Kayra Mah Greedy Hill
50%
Gerudo Joloo Nah Joloo Nah Apparatus
50%
Akkala Katosa Aug Katosa Aug Apparatus
50%
Gerudo Keeha Yoog Keeha Yoog's Blessing
50%
Faron Korgu Chideh Korgu Chideh's Blessing
50%
Dueling Peaks Lakna Rokee Lakna Rokee's Blessing
50%
Gerudo Kuh Takkar Melting Ice Hazard
50%
Central Wahgo Katta Metal Connections
50%
Eldin Mo'a Keet Metal Makes a Path
50%
Eldin Tah Muhl Passing the Flame
50%
Eldin Sah Dahaj Power of Fire
50%
Faron Kah Yah Quick Thinking
50%
Faron Qukah Nata Qukah Nata's Blessing
50%
Akkala Ritaag Zumo Ritaag Zumo's Blessing
50%
Eldin Shae Mo'sah Swinging Flames
50%
Faron Tawa Jinn Tawa Jinn's Blessing
50%
Dueling Peaks Ha Dahamar The Water Guides
50%
Dueling Peaks Bosh Kala The Wind Guides You
50%
Dueling Peaks Ree Dahee Timing is Critical
50%
Dueling Peaks Toto Sah Toto Sah Apparatus
50%
Central Kaam Ya'tak Trial of Power
50%
Dueling Peaks Shee Vaneer Twin Memories
50%
Dueling Peaks Shee Venath Twin Memories
50%
Gerudo Sho Dantu Two Bombs
50%
Akkala Ze Kasho Ze Kasho Apparatus
50%
Akkala Zuna Kai Zuna Kai's Blessing
50%
Eldin Qua Raym A Balanced Approach
25%
Ridgeland Shae Loya Aim for the Moment
25%
Great Plateau Ruvo Korbah A Major Test of Strength+
25%
Hebra Goma Asaagh A Major Test of Strength
25%
Hebra Hia Miu A Major Test of Strength
25%
Hebra Mozo Shenno A Major Test of Strength
25%
Tabantha Tena Ko'sah A Major Test of Strength
25%
Lake Pumaag Nitae A Minor Test of Strength
25%
Lanayru Soh Kofi A Minor Test of Strength
25%
Lake Shoqa Tatone A Modest Test of Strength
25%
Ridgeland Mijah Rokee A Modest Test of Strength
25%
Hateno Mezza Lo Ancient Trifecta
25%
Faron Yah Rin A Weighty Decision
25%
Eldin Sharo Lun Blind Spots
25%
Eldin Rinu Honika Block the Blaze
25%
Lake Ishto Soh Bravery's Grasp
25%
Ridgeland Toh Yahsa Buried Secrets
25%
Tabantha Bareeda Naag Cannon
25%
Great Plateau Yowaka Ita Collected Soul
25%
Woodland Daag Chokah Daag Chokah's Blessing
25%
Lanayru Dagah Keek Dagah Keek's Blessing
25%
Wasteland Dila Maag Dila Maag's Blessing
25%
Hebra Rin Oyaa Directing the Wind
25%
Woodland Monya Toma Drawing Parabolas
25%
Wasteland Takama Shiri Dual Purpose
25%
Wasteland Dako Tah Electric Path
25%
Woodland Keo Ruug Fateful Stars
25%
Lanayru Rucco Maag Five Flames
25%
Faron Shai Utoh Halt the Tilt
25%
Faron Shoda Sah Impeccable Timing
25%
Wasteland Kihiro Moh Inside the Box
25%
Hateno Jitan Sa'mi Jitan Sa'mi's Blessing
25%
Woodland Ketoh Wawai Ketoh Wawai's Blessing
25%
Wasteland Korsh O'hu Korsh O'hu's Blessing
25%
Woodland Kuhn Sidajj Kuhn Sidajj's Blessing
25%
Hebra Lanno Kooh Lanno Kooh's Blessing
25%
Woodland Maag Halan Maag Halan's Blessing
25%
Ridgeland Maag No'rah Maag No'rah's Blessing
25%
Hebra Kiah Toza Master the Orb
25%
Lake Ka'o Makagh Metal Doors Open the Way
25%
Wasteland Misae Suma Misae Suma's Blessing
25%
Ridgeland Sheem Dagoze Moving in Parallel
25%
Hateno Myahm Agana Myahm Agana Apparatus
25%
Wasteland Jee Noh On the Move
25%
Central Rota Ooh Passing of the Gates
25%
Tabantha Sha Warvo Path of Hidden Winds
25%
Great Plateau Etsu Korima Path of Light
25%
Wasteland Kay Noh Power of Electricity
25%
Hebra Qaza Tokki Qaza Tokki's Blessing
25%
Wasteland Raqa Zunzo Raqa Zunzo's Blessing
25%
Hebra Shada Naw Red Giveaway
25%
Woodland Rona Kachta Rona Kachta's Blessing
25%
Lanayru Mah Eliya Secret Stairway
25%
Lake Shae Katha Shae Katha's Blessing
25%
Lanayru Shai Yota Shai Yota's Blessing
25%
Lake Ya Naga Shatter the Heavens
25%
Lanayru Kaya Wan Shields From Water
25%
Hebra Sha Gehma Shift and Lock
25%
Lanayru Sheh Rata Speed of Light
25%
Eldin Daqa Koh Stalled Flight
25%
Hebra Maka Rah Steady Thy Heart
25%
Wasteland Suma Sahma Suma Sahma's Blessing
25%
Lanayru Daka Tuss Sunken Scoop
25%
Lanayru Sato Koda Support and Guidance
25%
Ridgeland Mogg Latan Synced Swing
25%
Hateno Tahno O'ah Tahno O'ah's Blessing
25%
Hebra Gee Ha'rah Tandem
25%
Woodland Mirro Shaz Tempered Power
25%
Wasteland Hawa Koth The Current Solution
25%
Tabantha Noe Rajee The Four Winds
25%
Lanayru Kee Dafunia The Melting Point
25%
Wasteland Daqo Chisay The Whole Picture
25%
Tabantha Voo Lota The Winding Route
25%
Wasteland Tho Kayu Tho Kayu's Blessing
25%
Hebra To Quomo To Quomo's Blessing
25%
Hateno Kam Urog Trial of Passage
25%
Akkala Tu Ka'loh Tu Ka'loh's Blessing
25%
Ridgeland Zalta Wa Two Orbs to Guide You
25%
Tabantha Kah Okeo Wind Guide
25%
Tabantha Akh Va'quot Windmills
25%
Wasteland Kema Zoos A Delayed Puzzle
0%
Ridgeland Shira Gomar Aim for Stillness
0%
Wasteland Keive Tala Big or Small
0%
Hebra Dunba Taag Build and Release
0%
Lanayru Kah Mael Drop and Rise
0%
Eldin Kamia Omuna Moving Targets
0%
Hebra Rok Uwog Power of Reach
0%
Lanayru Ne'ez Yohma Pushing Power
0%
Great Plateau Rohta Chigah Stop to Start
0%
Hateno Dow Na'eh Three Boxes
0%
No matching quizzes found
Score Distribution
Percent of People with Each Score
Percentile by Number Answered
Your Score History
You have not taken this quiz